Lückentext - Tiere - Statistiken

Allgemein
  • Dieses Quiz wurde 161 mal gespielt
    101 seit der letzten Aktualisierung
  • Das Durchschnittsergebnis liegt bei 7 aus 15
Antwortstatistiken
Lückentext Tier % Korrekt
Al..g.t.r Alligator
100%
A.p.ka Alpaka
100%
A.s.l Amsel
100%
Äsk.l..n.t..r Äskulapnatter
100%
B.r Bär
100%
B.b.r Biber
100%
B..ne Biene
100%
B.s..r.t.e Bisamratte
100%
B.s.n Bison
100%
Br...b.r Braunbär
100%
B..f.l Büffel
100%
Ch..c....a Chinchilla
100%
C..w - C..w Chow-Chow
100%
D..m.t.n.r Dalmatiner
100%
D.gu Degu
100%
D..go Dingo
100%
D..m.d.r Dromedar
100%
E.c.h...c..n Eichhörnchen
100%
E.d...se Eidechse
100%
E..h Elch
100%
E.le Eule
100%
Fe..h.se Feldhase
100%
Fl.m..go Flamingo
100%
Fl.d..m..s Fledermaus
100%
Fl...k..bs Flusskrebs
100%
Fr.s.h Frosch
100%
G..s Gans
100%
G.z..le Gazelle
100%
Ge.er Geier
100%
G.p..d Gepard
100%
Gl..w...c..n Glühwürmchen
100%
G.u Gnu
100%
G.r..la Gorilla
100%
H.b...t Habicht
100%
H.ng.b....sc....n Hängebauchschwein
100%
Hi...h Hirsch
100%
Hu.m.l Hummel
100%
H..m.r Hummer
100%
H..d Hund
100%
H..ky Husky
100%
J.g.ar Jaguar
100%
Kä.g.ru Känguru
100%
Kart..f..k.f.r Kartoffelkäfer
100%
K..ze Katze
100%
K.wi Kiwi
100%
Kl..p..sc....ge Klapperschlange
100%
K.a.a Koala
100%
Kr...o.t.r Kreuzotter
100%
Kr.k.d.l Krokodil
100%
Kr..t..ec.se Krustenechse
100%
K.g..f...h Kugelfisch
100%
L.ma Lama
100%
L.we Löwe
100%
Lu..s Luchs
100%
M.de Made
100%
Ma..w..f Maulwurf
100%
Me..s......c..n Meerschweinchen
100%
M.l.n Milan
100%
M..be Milbe
100%
M.r.ne Muräne
100%
Mu.m..t..r Murmeltier
100%
N.s..b.r Nasenbär
100%
Ni.p...d Nilpferd
100%
O.m Olm
100%
Or..g - U..n Orang - Utan
100%
P..da Panda
100%
P.p.g.i Papagei
100%
P.v.an Pavian
100%
P...d Pferd
100%
P..g.in Pinguin
100%
P.r..ha Piranha
100%
P.ma Puma
100%
R.be Rabe
100%
R.t.e Ratte
100%
R.g..w..m Regenwurm
100%
R.h Reh
100%
Re.t..r Rentier
100%
R..d Rind
100%
S.l.m..d.r Salamander
100%
Sa.d..le Sardelle
100%
Sc..f Schaf
100%
S....c.e Schnecke
100%
Sc.....w.l Schwertwal
100%
Se.h..d Seehund
100%
Se.s...n Seestern
100%
Sk..p..n Skorpion
100%
Sp..z Spatz
100%
Sp..ne Spinne
100%
St.c...s.....n Stachelschwein
100%
St...ß Strauß
100%
T.p.r Tapir
100%
T..be Taube
100%
T..s...f.ß.r Tausendfüßer
100%
Te.m.te Termite
100%
T.g.r Tiger
100%
Tr..p..t..r Trampeltier
100%
Tr..h..n Truthahn
100%
U.u Uhu
100%
V...f..ß Vielfraß
100%
V.g.l Vogel
100%
V.g..s...ne Vogelspinne
100%
W.l Wal
100%
Wa.l.by Wallaby
100%
W.r.n Waran
100%
Wa.z..sc....n Warzenschwein
100%
Wa.s..b..f.l Wasserbüffel
100%
We.s Wels
100%
Wi..h..d Wildhund
100%
W.s.nt Wisent
100%
W.h.m..s Wühlmaus
100%
W..m Wurm
100%
Za..k.n.g Zaunkönig
100%
Z.b.a Zebra
100%
Z.tt..a.l Zitteraal
100%
L..p..d Leopard
86%
Z..ge Ziege
86%
H.hn Huhn | Hahn
83%
Ax.l.tl Axolotl
80%
B.o Beo
80%
H.i Hai
80%
H.se Hase
80%
K.n..c..n Kaninchen
80%
K...qu.p.e Kaulquappe
80%
K...u.k Kuckuck
80%
Am..s..b.r Ameisenbär
75%
D..le Dohle
75%
E.te Ente
75%
F....p...d Flusspferd
75%
Oz.l.t Ozelot
75%
P.l.k.n Pelikan
75%
St.r Star
75%
Ti.t..f...h Tintenfisch
75%
Wi..k..ze Wildkatze
75%
Alb.t..s Albatros
67%
B.a Boa
67%
Ch.m.l..n Chamäleon
67%
F..h Floh
67%
G.c.o Gecko
67%
I..l Igel
67%
K.f.r Käfer
67%
K.k.du Kakadu
67%
K.m.l Kamel
67%
K.t.a Katta
67%
K.h Kuh
67%
L.m.r Lemur
67%
N..z Nerz
67%
Oc..e Ochse
67%
O.t.r Otter
67%
P..t..r Panther
67%
P.d.l Pudel
67%
Ri.g..n.t..r Ringelnatter
67%
Sc..k.l Schakal
67%
S.....be Schwalbe
67%
St...h Storch
67%
Wa...b.r Waschbär
67%
Wi.s.l Wiesel
67%
Y.k Yak
67%
An.k..da Anakonda
60%
F...ge Fliege
60%
Pe.s..k..ze Perserkatze
60%
Wa..w..m Wattwurm
60%
Ag..i Aguti
50%
A.a Ara
50%
B..be Barbe
50%
B.l.g.w.l Belugawal
50%
Bu..d.g.e Bulldogge
50%
B..s..d Bussard
50%
D.c..l Dackel
50%
D..t..f...h Doktorfisch
50%
E.c...h.h.r Eichelhäher
50%
E.s..r Elster
50%
E.u Emu
50%
F.ue.k.f.r Feuerkäfer
50%
Fo.sa Fossa
50%
G.i..ly Grizzly
50%
H.r..g Hering
50%
H..m.l.n Hermelin
50%
K.b.lj.u Kabeljau
50%
K..b Kalb
50%
K..m.r Kalmar
50%
K.n.r...v.g.l Kanarienvogel
50%
K.a Kea
50%
K.m.d.w.r.n Komodowaran
50%
Kr..s Krebs
50%
L.g.a. Leguan
50%
Lu..h Lurch
50%
Ma.k.f.r Maikäfer
50%
M.ki Maki
50%
M..s Maus
50%
Na...s....c.e Nacktschnecke
50%
Ö.k.f.r Ölkäfer
50%
R..h.hn Rebhuhn
50%
R..s..k..g.ru Riesenkänguru
50%
Ri.g..r..be Ringelrobbe
50%
R..be Robbe
50%
Sc....ge Schlange
50%
Sch...l..p..d Schneeleopard
50%
Z.bu Zebu
50%
Z.b.l Zobel
50%
F.u.h..d Flughund
40%
M.r...k.f.r Marienkäfer
40%
R.s..k.f.r Rosenkäfer
40%
Sc....k..te Schildkröte
40%
Sc....n Schwein
40%
Si..k..ze Siamkatze
40%
A...se Ameise
33%
B...r..be Bartrobbe
33%
Bl...h..n Blässhuhn
33%
Ch.h..h.a Chihuahua
33%
D...s Dachs
33%
D..s..l Drossel
33%
F.nk Fink
33%
Gä.s.g..er Gänsegeier
33%
G..s...k..ze Ginsterkatze
33%
Gr..p.p.g.i Graupapagei
33%
G...r..h.r Graureiher
33%
H..b..t..c..r Haubentaucher
33%
Isl...p.e.d Islandpferd
33%
J.g.a.u.di Jaguarundi
33%
K.g..r.b.e Kegelrobbe
33%
K.i Koi
33%
Kr...o.t.r Kreuzotter
33%
K.k.n Küken
33%
L...e.d.r H..s Lachender Hans
33%
Me..k..ze Meerkatze
33%
M.ko Moko
33%
P..u Pfau
33%
Ro..en Rochen
33%
Sc...p..se Schimpanse
33%
V.k..ja Vikunja
33%
Wa.s..l..f.r Wasserläufer
33%
W.be.k....t Weberknecht
33%
W...b...s.h..c.e Weinbergschnecke
33%
W..f Wolf
33%
Z..s.l Ziesel
33%
A...r Adler
25%
Be..h..d...r Bernhardiner
25%
Br..l..k..m.n Brillenkaiman
25%
C.o..f...h Clownfisch
25%
E..b.r Eisbär
25%
E.s..r Elster
25%
G..ß.r Tü..l.r Großer Tümmler
25%
Ka.p..n Karpfen
25%
K..b.tz Kiebitz
25%
K..n..h Kranich
25%
M..n..w..f Mähnenwolf
25%
M..t..p.v.an Mantelpavian
25%
Sp..l..g Sperling
25%
Ba..s...ze Bachstelze
20%
Le.m..g Lemming
20%
P.l..f...s Polarfuchs
20%
Sc....ks....d.rö.e Schmuckschildkröte
20%
T..r..r Terrier
20%
Wi.k..b.r Wickelbär
20%
G.t...a.b.t..in Gottesanbeterin
17%
Kr.g..e.h..e Kragenechse
17%
K..te Kröte
17%
N.t..a Nutria
17%
St...l..p..b.s.l..k Stirnlappenbasilisk
17%
A.l Aal
0%
Aa.k..he Aaskrähe
0%
Ab.s..n..r Abessinier
0%
Ag..c.i Agouchi
0%
A..z...r.t.e Akazienratte
0%
A.t.l.pe Antilope
0%
A.e.h..n Auerhahn
0%
A.e.o...e Auerochse
0%
B.r..h Barsch
0%
B.r.a..me Bartagame
0%
Ba..m..d.r Baummarder
0%
B..n..f...s r Bienenfresser
0%
B..t.r..g Binturong
0%
Bi..h..n Birkhuhn
0%
Bl...l..s Blattlaus
0%
Bl...s...e.d..am..se Blattschneiderameise
0%
Bl..m..se Blaumeise
0%
Bl...s.h...c.e Blindschleiche
0%
Bl..e..l Blutegel
0%
B..er Boxer
0%
Bu..s....t Buntspecht
0%
C.c..r S..n..l Cocker Spaniel
0%
Co.l.e Collie
0%
D..f.n Delfin
0%
Di..h...s...f Dickhornschaf
0%
Ei..sc....ge Eierschlange
0%
E.nt...f...ge Eintagsfliege
0%
E..v.g.l Eisvogel
0%
E..f..t Elefant
0%
E..m...c..n Erdmännchen
0%
F..ke Falke
0%
Fa..m..s Farbmaus
0%
Fa..t..r Faultier
0%
Fe.e.s.l.m..d.r Feuersalamander
0%
F...h Fisch
0%
F.s..o...r Fischotter
0%
Fl..fl..ge Florfliege
0%
F.e..c..n Frettchen
0%
F...s Fuchs
0%
Gä.se Gämse
0%
G...b....u.ke Gelbbauchunke
0%
Ge..r..dk.f.r Gelbrandkäfer
0%
G.r..fe Giraffe
0%
G...f...h Goldfisch
0%
G...h..f.r Grashüpfer
0%
Gr..f...s Graufuchs
0%
Gr..le Grille
0%
Gr.ß.r Ab...s.g..r Großer Abendsegler
0%
Gro.t..o.m Grottenolm
0%
G..n..o Guanako
0%
G..di Gundi
0%
G..t..t..r Gürteltier
0%
Ha.l..g.r Haflinger
0%
H..s..r Hamster
0%
H..lb..t Heilbutt
0%
He..m.s...l Herzmuschel
0%
H..s.....ke Heuschrecke
0%
H.....k.f.r Hirschkäfer
0%
H..hl...r..d Hochlandrind
0%
H.c...s....n Höckerschwan
0%
Ho.n..se Hornisse
0%
H.ä.e Hyäne
0%
I..s Ibis
0%
I.e.t..r.k Igeltanrek
0%
I.t.s Iltis
0%
I.s..t Insekt
0%
Ir..h S..t.r Irish Setter
0%
Ka.m.n Kaiman
0%
K.k..l.ke Kakerlake
0%
K.b.a Kobra
0%
Köc...f...ge Köcherfliege
0%
Ko..r.be Kolkrabe
0%
Ko.d.r Kondor
0%
K.p.l..s Kopflaus
0%
K..m.r.n Kormoran
0%
Ko..n.t..r Kornnatter
0%
K..he Krähe
0%
K..ke Krake
0%
Kr...s..nne Kreuzspinne
0%
Kr.k.d..t.ju Krokodilteju
0%
K..n..a...r Kronenadler
0%
La.m Lamm
0%
La.g.s.e Languste
0%
La..f..s.h Laubfrosch
0%
L...e.te Laufente
0%
L.f...h..d Löffelhund
0%
Ma..e C..n Maine Coon
0%
M.l.m.t. Malamute
0%
M..d...l Mandrill
0%
M..g..te Manguste
0%
Ma.d.r Marder
0%
M..d..h..d Marderhund
0%
Ma.e.s.g..r Mauersegler
0%
Ma..h..s..r Maushamster
0%
Me..b..be Meerbarbe
0%
Mi..k.f.r Mistkäfer
0%
Mo..h Molch
0%
M.c.e Mücke
0%
M...l.n Mufflon
0%
M..go Mungo
0%
M.s...l Muschel
0%
Na...m..ch Nacktmulch
0%
N..h..n Nashorn
0%
N..t.e Natter
0%
Ne.f...l..d r Neufundländer
0%
O..pi Okapi
0%
P..g.l.n Pangolin
0%
P.p.a - We...s..l.k..te Papua-Weichschildkröte
0%
Pf...g...f..s.h Pfeilgiftfrosch
0%
P..t.n Phyton
0%
Pi.p.a Piapia
0%
Pi.l..d..h.r Pillendreher
0%
P..r..h..d Präriehund
0%
Qu..le Qualle
0%
R..h..s.h Rothirsch
0%
Rü.s..s....g l.r Rüsselspringer
0%
Sa..k..he Saatkrähe
0%
S..d.ne Sardine
0%
S..t..r.b.e Sattelrobbe
0%
S...be Schabe
0%
Sc..f..h..d Schäferhund
0%
Sc...s....g.r Schlammspringer
0%
Sc....e.e.le Schleiereule
0%
Sc..t...l..g Schmetterling
0%
Sc...ke Schnake
0%
Sc..p.e Schnepfe
0%
Sc...n Schwan
0%
Sc...r.b.r Schwarzbär
0%
S...e..s- N.s.n- Fl.d..m..s Schweins-Nasen-Fledermaus
0%
S..p....c..n Seepferdchen
0%
S..s...n Seestern
0%
Si.b..s....f.r Siebenschläfer
0%
Si.b..f...h Silberfisch
0%
Sk..k Skink
0%
S..c.t Specht
0%
Sp....b..k Springbock
0%
St..s....c.e Stabschrecke
0%
St...a...r Steinadler
0%
St...b..k Steinbock
0%
St..z..l..f.r Stelzenläufer
0%
St...l..g Stichling
0%
St...t..r Stinktier
0%
S.o..e..e Stockente
0%
St...f..h...c..n Streifenhörnchen
0%
S.g.. - G..d.r Sugar-Glider
0%
Te...m..ch Teichmolch
0%
T...f...h Thunfisch
0%
To..e Tokee
0%
T.t..k..fä..c..n Totenkopfäffchen
0%
Tr.t...l..me Trottellumme
0%
Ur....k...s Urzeitkrebs
0%
V.ri Vari
0%
Vi..r Viper
0%
Wa..r..p Waldrapp
0%
W..r..s Walross
0%
We.l..s..t..h Wellensittich
0%
W.spe Welpe
0%
W.lpe Wespe
0%
W.l.s.....n Wildschwein
0%
W...h..d Windhund
0%
W.l..b..s.h Wolfsbarsch
0%
Wü.f..n.t..r Würfelnatter
0%
W.s...r..nm..s Wüstenrennmaus
0%
Ze..e Zecke
0%
Zw...d..m.l Zwergdommel
0%
Zw...o.t.r Zwergotter
0%
Keine übereinstimmenden Quizze gefunden
Verteilung der Resultate
Anzahl Personen mit jedem Resultat
Perzentil nach korrekt beantworteten Fragen
Ihre Resultats-Entwicklung
Sie haben dieses Quiz seit der letzten Aktualisierung nicht gespielt